Steering the economy

Gespeichert in:
Bibliographische Detailangaben
1. Verfasser: Brittan, Samuel
Format: Buch
Sprache:Undetermined
Veröffentlicht: London Secker & Warburg 1969
Schlagworte:
Tags: Tag hinzufügen
Keine Tags, Fügen Sie den ersten Tag hinzu!
Thư viện lưu trữ: Trung tâm Học liệu Trường Đại học Cần Thơ
LEADER 00504nam a2200193Ia 4500
001 CTU_83514
008 210402s9999 xx 000 0 und d
082 |a 354.42 
082 |b B862 
100 |a Brittan, Samuel 
245 0 |a Steering the economy 
245 0 |c Samuel Brittan 
260 |a London 
260 |b Secker & Warburg 
260 |c 1969 
650 |a Finance, public,Great britain 
650 |y 1945- 
904 |i QHieu(sửa) 
980 |a Trung tâm Học liệu Trường Đại học Cần Thơ